[Event "St Petersburg March op"]
[Site "St Petersburg"]
[Date "2009.04.02"]
[Round "4"]
[White "Solovyov, Viktor"]
[Black "Gorbatenko, Alexander"]
[Result "1-0"]
[WhiteElo "2194"]
[BlackElo "2145"]
[PlyCount "69"]
[EventDate "2009.03.30"]
[EventType "swiss"]
[EventRounds "9"]
[EventCountry "RUS"]
[SourceTitle "EXT 2012"]
[Source "ChessBase"]
[SourceDate "2011.11.24"]
[SourceVersion "1"]
[SourceVersionDate "2011.11.24"]
[SourceQuality "1"]

1. Nf3 d5 2. d4 Nf6 3. c4 e6 4. g3 Be7 5. Bg2 0-0 6. 0-0 dxc4 7. Qc2 a6 8. Qxc4 b5 9. Qc2 Bb7 10. Bd2 Be4 11. Qc1 Qc8 12. Bg5 Nbd7 13. Nbd2 Bb7 14. Nb3 a5 15. Rd1 a4 16. Nc5 Nxc5 17. dxc5 Bd5 18. Ne5 Bxg2 19. Kxg2 Nd5 20. Bxe7 Nxe7 21. c6 Nf5 22. Nd7 Rd8 23. Qc5 Nd6 24. Rac1 h6 25. Rc2 Ra6 26. f3 Qa8 27. Kf2 Qa7 28. e4 f6 29. Ke2 Kf7 30. Qh5+ Ke7 31. Qg6 Ne8 32. e5 fxe5 33. Rcd2 Rxc6 34. Nxe5 Rxd2+ 35. Rxd2 1-0